banner-ar

قصة يوسف و زليخا فى الادب و مصادرها فى التوراة و القران الكريم : (Record no. 61111)

MARC details
000 -الفاتح
حقل البيانات ثابتة الطول 01070nam a2200241 4500
005 - وقت وتاريخ اخر تعامل مع التسجيلة
رقم الضبط 20240530110444.0
008 - عناصر البيانات ثابتة الطول - معلومات عامة
حقل البيانات ثابتة الطول 150426s2008 ua g b 000 0dara d
017 ## - رقم الايداع القانونى
رقم الايداع القانونى 2008/17128
المصدر ( الهيئة المختصة) مصر . دار الكتب المصرية
020 ## - الرقم الدولى المعيارى للكتب
الرقم الدولى المعيارى للكتاب 9789774205193
040 ## - مصدر الفهرسة
وكالة الفهرسة الأصلية EG-CaGPL
082 04 - رقم تصنيف ديوى العشرى
رقم الطبعة 21
رقم التصنيف 891.55\
رقم المادة ر ق
100 0# - المدخل الرئيسى - إسم شخصى
الإسم الشخصى رمضان رمضان متولى
245 10 - بيان العنوان
العنوان قصة يوسف و زليخا فى الادب و مصادرها فى التوراة و القران الكريم :
بقية العنوان دراسة تحليلية /
بيان المسئوليه,etc تاليف رمضان رمضان متولى ؛ مراجعة السباعى محمد السباعى
260 ## - PUBLICATION, DISTRIBUTION, ETC. (IMPRINT)
تاريخ النشر أو التوزيع 2008 .
300 ## - الوصف المادى
التعداد 270 ص ؛
أبعاد الوعاء 24 سم
650 04 - المدخل الاضافى بالموضوع-مصطلح موضوعى
مصطلح موضوعي قصص الانبياء
650 04 - المدخل الاضافى بالموضوع-مصطلح موضوعى
مصطلح موضوعي قصة يوسف عليه السلام
650 04 - المدخل الاضافى بالموضوع-مصطلح موضوعى
مصطلح موضوعي قصص القران
700 0# - المدخل الاضافى - اسم شخصى
الإسم الشخصى السباعى محمد السباعى
الدور مراجع
942 ## - عناصر المدخل الإضافي( كوها)
مصدر التصنيف او مخطط الترفيف Dewey Decimal Classification
Koha [default] item type كتاب
260 ## - PUBLICATION, DISTRIBUTION, ETC. (IMPRINT)
-- القاهرة :
-- الهيئة المصرية العامة للكتاب ،
505 ## - تبصرة محتويات-الفهرس
تبصرة المحتويات المصاغة ببليوجرافية : ص 251 *-261
Holdings
حالة التراجع حالة الفقد حالة تلف ليس للاعارة المكان المؤقت الموقع الحالى تاريخ الاكتساب اجمالي اﻻعارات رقم الطلب الباركود تاريخ اخر مشاهدة تاريخ تفعيل السعر نوع وعاء كوها
        مكتبة القاهرة الكبرى مكتبة القاهرة الكبرى 04/26/2015   891.55\ ر ق 160335 04/26/2015 04/26/2015 كتاب

Powered By

EGPV